| 000 | 01578cam a22004097a 4500 | ||
|---|---|---|---|
| 001 | 1928 | ||
| 003 | FISKH | ||
| 005 | 20241217143734.0 | ||
| 008 | 160205r20081997enka j 000 0 eng | ||
| 010 | _a 2015458861 | ||
| 015 |
_aGBA864049 _2bnb |
||
| 016 | 7 |
_a014607513 _2Uk |
|
| 020 | _a9781407105888 (pbk.) | ||
| 020 | _a1407105884 (pbk.) | ||
| 035 | _a(OCoLC)ocn680484938 | ||
| 040 |
_aNz _beng _cNZRPM _dOCLCF _dDLC |
||
| 042 | _alccopycat | ||
| 050 | 0 | 0 |
_aQA99 _b.P6695 2008 |
| 082 | 0 | 4 |
_a510 _222 |
| 100 | 1 | _aPoskitt, Kjartan. | |
| 245 | 1 | 0 |
_aGuaranteed to bend your brain / _cKjartan Poskitt ; [illustrations, Trevor Dunton, Rob Davis]. |
| 250 | _aNew ed. | ||
| 260 |
_aLondon : _bScholastic, _c2008. |
||
| 300 |
_a144 pages : _billustrations ; _c20 cm. |
||
| 505 | _aZ' | ||
| 520 | _aFind out about how maths could help you rescue someone in deadly peril, how not to shoot yourself with a cannon, and meet famous mathematicians who were really hard. And watch out for One Finger Jimmy, Chainsaw Charlie and their gangster friends, who are living proof that maths can be murderous. | ||
| 521 | 8 |
_a1000
_bLexile |
|
| 521 | 8 |
_aZ'
_bRaz-Plus |
|
| 650 | 0 |
_aMathematics _vMiscellanea _vJuvenile literature. |
|
| 650 | 0 |
_aMathematics _vJuvenile humor. |
|
| 650 | 7 |
_aMathematics. _2fast _0(OCoLC)fst01012163 |
|
| 700 | 1 |
_aDunton, Trevor. _eillustrator |
|
| 700 | 1 |
_aPoskitt, Kjartan. _tMurderous maths. |
|
| 906 |
_a7 _bcbc _ccopycat _d2 _encip _f20 _gy-gencatlg |
||
| 942 |
_2ddc _cBK _n0 |
||
| 999 |
_c1928 _d1928 |
||